The Kashmir problem (Record no. 362130)

000 -LEADER
fixed length control field 00399cam a22001457a 4500
008 - FIXED-LENGTH DATA ELEMENTS--GENERAL INFORMATION
fixed length control field 180718b1965 xxu||||| |||| 00| 0 eng d
082 ## - DEWEY DECIMAL CLASSIFICATION NUMBER
Classification number A6x5431 C378
100 ## - MAIN ENTRY--PERSONAL NAME
Personal name Chari, A.S.R.
245 ## - TITLE STATEMENT
Title The Kashmir problem
Statement of responsibility, etc. by A.S.R. Chari
260 ## - PUBLICATION, DISTRIBUTION, ETC.
Place of publication, distribution, etc. New Delhi
Name of publisher, distributor, etc. M. Kalimulla
Date of publication, distribution, etc. 1965
300 ## - PHYSICAL DESCRIPTION
Extent 71p.
500 ## - GENERAL NOTE
General note Rs.1.25
650 ## - SUBJECT ADDED ENTRY--TOPICAL TERM
Topical term or geographic name entry element India - Foreign Relations - Pakistan
650 ## - SUBJECT ADDED ENTRY--TOPICAL TERM
Topical term or geographic name entry element Kashmir - History
Holdings
Withdrawn status Lost status Damaged status Not for loan Permanent Location Current Location Date acquired Full call number Barcode Date last seen Price effective from Koha item type
        Indian Institute of Public Administration Indian Institute of Public Administration 1994-03-21 A6x5431 C378 38772 2018-07-21 2018-07-21 Book

Powered by Koha